[Event "8th Vellmar Chess Days"]
[Site "chess24.com"]
[Date "2016.07.28"]
[Round "1"]
[White "Kuschel, Heidi"]
[Black "Phunhon Lopez, Daniel Alejandro"]
[Result "1/2-1/2"]
[Board "48"]
[WhiteElo "1730"]
[WhiteTeam "SVG Lauterbach"]
[WhiteCountry "GER"]
[WhiteFideId "12974587"]
[WhiteEloChange "6"]
[BlackElo "1958"]
[BlackTeam "Hannover 96"]
[BlackCountry "GER"]
[BlackFideId "12952567"]
[BlackEloChange "-6"]

1. Nf3 {[%clk 1:30:30]} d5 {[%clk 1:30:30]} 2. g3 {[%clk 1:30:30]} Bg4 {[%clk
1:30:30]} 3. Bg2 {[%clk 1:30:30]} Nf6 {[%clk 1:30:30]} 4. O-O {[%clk 1:30:30]} e6
{[%clk 1:30:30]} 5. c4 {[%clk 1:30:30]} c6 {[%clk 1:30:30]} 6. b3 {[%clk
1:30:30]} Nbd7 {[%clk 1:30:30]} 7. Bb2 {[%clk 1:30:30]} Bd6 {[%clk 1:30:30]} 8.
Nc3 {[%clk 1:30:30]} O-O {[%clk 1:30:30]} 9. Qc2 {[%clk 1:30:30]} Ne5 {[%clk
1:30:30]} 10. Nxe5 {[%clk 1:30:30]} Bxe5 {[%clk 1:30:30]} 11. e3 {[%clk 1:30:30]}
Bf5 {[%clk 1:30:30]} 12. Qc1 {[%clk 1:30:30]} dxc4 {[%clk 1:30:30]} 13. bxc4
{[%clk 1:30:30]} Bd3 {[%clk 1:30:30]} 14. Re1 {[%clk 1:30:30]} Bxc4 {[%clk
1:30:30]} 15. d4 {[%clk 1:30:30]} Bd6 {[%clk 1:30:30]} 16. a3 {[%clk 1:30:30]}
Ba6 {[%clk 1:30:30]} 17. Na4 {[%clk 1:30:30]} Rc8 {[%clk 1:30:30]} 18. Qd2 {[%clk
1:30:30]} c5 {[%clk 1:30:30]} 19. dxc5 {[%clk 1:30:30]} Bxc5 {[%clk 1:30:30]} 20.
Qxd8 {[%clk 1:30:30]} Rfxd8 {[%clk 1:30:30]} 21. Nxc5 {[%clk 1:30:30]} Rxc5
{[%clk 1:30:30]} 22. Bd4 {[%clk 1:30:30]} Rc2 {[%clk 1:30:30]} 23. Bxa7 {[%clk
1:30:30]} Rdd2 {[%clk 1:30:30]} 24. Red1 {[%clk 1:30:30]} Ra2 {[%clk 1:30:30]}
25. Bf3 {[%clk 1:30:30]} h6 {[%clk 1:30:30]} 26. Rxa2 {[%clk 1:30:30]} Rxa2
{[%clk 1:30:30]} 27. Bc5 {[%clk 1:30:30]} Be2 {[%clk 1:30:30]} 28. Rd8+ {[%clk
1:30:30]} Kh7 {[%clk 1:30:30]} 29. Kg2 {[%clk 1:30:30]} Bxf3+ {[%clk 1:30:30]}
30. Kxf3 {[%clk 1:30:30]} b6 {[%clk 1:30:30]} 31. Bb4 {[%clk 1:30:30]} Nd5 {[%clk
1:30:30]} 32. Rb8 {[%clk 1:30:30]} Rb2 {[%clk 1:30:30]} 33. Bd6 {[%clk 1:30:30]}
Nc3 {[%clk 1:30:30]} 34. Be5 {[%clk 1:30:30]} 1/2-1/2

[Event "8th Vellmar Chess Days"]
[Site "chess24.com"]
[Date "2016.07.28"]
[Round "1"]
[White "Wolffgang, Georg"]
[Black "Koronowski, Heinz-Juergen"]
[Result "1/2-1/2"]
[Board "49"]
[WhiteElo "1951"]
[WhiteTeam "zweihochsechs Bielefeld"]
[WhiteCountry "GER"]
[WhiteFideId "12904554"]
[WhiteEloChange "-6"]
[BlackElo "1730"]
[BlackTeam "SK Wildeshausen"]
[BlackCountry "GER"]
[BlackFideId "12943762"]
[BlackEloChange "6"]

1. d4 {[%clk 1:30:30]} Nf6 {[%clk 1:30:30]} 2. Bg5 {[%clk 1:30:30]} g6 {[%clk
1:30:30]} 3. Bxf6 {[%clk 1:30:30]} exf6 {[%clk 1:30:30]} 4. e3 {[%clk 1:30:30]}
Bg7 {[%clk 1:30:30]} 5. c4 {[%clk 1:30:30]} d5 {[%clk 1:30:30]} 6. Nc3 {[%clk
1:30:30]} dxc4 {[%clk 1:30:30]} 7. Bxc4 {[%clk 1:30:30]} O-O {[%clk 1:30:30]} 8.
Nge2 {[%clk 1:30:30]} c6 {[%clk 1:30:30]} 9. a4 {[%clk 1:30:30]} Be6 {[%clk
1:30:30]} 10. Qb3 {[%clk 1:30:30]} Bxc4 {[%clk 1:30:30]} 11. Qxc4 {[%clk
1:30:30]} Nd7 {[%clk 1:30:30]} 12. b4 {[%clk 1:30:30]} f5 {[%clk 1:30:30]} 13.
O-O {[%clk 1:30:30]} Nf6 {[%clk 1:30:30]} 14. Rfd1 {[%clk 1:30:30]} Qe7 {[%clk
1:30:30]} 15. Qc5 {[%clk 1:30:30]} Rfe8 {[%clk 1:30:30]} 16. Rab1 {[%clk
1:30:30]} Bf8 {[%clk 1:30:30]} 17. Qxe7 {[%clk 1:30:30]} Bxe7 {[%clk 1:30:30]}
18. a5 {[%clk 1:30:30]} a6 {[%clk 1:30:30]} 19. Na4 {[%clk 1:30:30]} Nd5 {[%clk
1:30:30]} 20. Nc5 {[%clk 1:30:30]} Rab8 {[%clk 1:30:30]} 21. Rd3 {[%clk 1:30:30]}
Red8 {[%clk 1:30:30]} 22. Rdb3 {[%clk 1:30:30]} Nf6 {[%clk 1:30:30]} 23. Rc1
{[%clk 1:30:30]} Nd5 {[%clk 1:30:30]} 24. Nd3 {[%clk 1:30:30]} Bd6 {[%clk
1:30:30]} 25. g3 {[%clk 1:30:30]} g5 {[%clk 1:30:30]} 26. Nc5 {[%clk 1:30:30]}
Nf6 {[%clk 1:30:30]} 27. Nc3 {[%clk 1:30:30]} Bc7 {[%clk 1:30:30]} 28. Rd1 {[%clk
1:30:30]} Kg7 {[%clk 1:30:30]} 29. Rb2 {[%clk 1:30:30]} Kg6 {[%clk 1:30:30]} 30.
f3 {[%clk 1:30:30]} h5 {[%clk 1:30:30]} 31. Rbd2 {[%clk 1:30:30]} Bd6 {[%clk
1:30:30]} 32. Kg2 {[%clk 1:30:30]} b6 {[%clk 1:30:30]} 33. Nd3 {[%clk 1:30:30]}
bxa5 {[%clk 1:30:30]} 34. bxa5 {[%clk 1:30:30]} Rb3 {[%clk 1:30:30]} 35. Na4
{[%clk 1:30:30]} Ra3 {[%clk 1:30:30]} 36. Nac5 {[%clk 1:30:30]} Bxc5 {[%clk
1:30:30]} 37. Nxc5 {[%clk 1:30:30]} Rb8 {[%clk 1:30:30]} 38. Nxa6 {[%clk
1:30:30]} Rbb3 {[%clk 1:30:30]} 39. Nc5 {[%clk 1:30:30]} Rxe3 {[%clk 1:30:30]}
40. Rd3 {[%clk 1:30:30]} Rexd3 {[%clk 1:30:30]} 41. Nxd3 {[%clk 1:30:30]} Nd5
{[%clk 1:30:30]} 42. Ne5+ {[%clk 1:30:30]} Kf6 {[%clk 1:30:30]} 43. Rc1 {[%clk
1:30:30]} Rxa5 {[%clk 1:30:30]} 44. Rxc6+ {[%clk 1:30:30]} Ke7 {[%clk 1:30:30]}
45. Rh6 {[%clk 1:30:30]} Ra2+ {[%clk 1:30:30]} 46. Kg1 {[%clk 1:30:30]} f6 {[%clk
1:30:30]} 47. Rh7+ {[%clk 1:30:30]} Ke6 {[%clk 1:30:30]} 48. Nc6 {[%clk 1:30:30]}
Ra1+ {[%clk 1:30:30]} 49. Kf2 {[%clk 1:30:30]} Ra2+ {[%clk 1:30:30]} 1/2-1/2

[Event "8th Vellmar Chess Days"]
[Site "chess24.com"]
[Date "2016.07.28"]
[Round "1"]
[White "Ziegenfuss, Antonia"]
[Black "Schirra, Maurice"]
[Result "0-1"]
[Board "50"]
[WhiteElo "1728"]
[WhiteTeam "OSG Baden-Baden"]
[WhiteCountry "GER"]
[WhiteFideId "12962554"]
[WhiteEloChange "-4"]
[BlackElo "1947"]
[BlackTeam "TG Wehlheiden"]
[BlackCountry "GER"]
[BlackFideId "12941115"]
[BlackEloChange "4"]

1. e4 {[%clk 1:30:30]} e5 {[%clk 1:30:30]} 2. Nf3 {[%clk 1:30:30]} Nf6 {[%clk
1:30:30]} 3. Nc3 {[%clk 1:30:30]} Nc6 {[%clk 1:30:30]} 4. Bc4 {[%clk 1:30:30]}
Nxe4 {[%clk 1:30:30]} 5. Nxe4 {[%clk 1:30:30]} d5 {[%clk 1:30:30]} 6. Bd3 {[%clk
1:30:30]} dxe4 {[%clk 1:30:30]} 7. Bxe4 {[%clk 1:30:30]} Bd6 {[%clk 1:30:30]} 8.
Bxc6+ {[%clk 1:30:30]} bxc6 {[%clk 1:30:30]} 9. O-O {[%clk 1:30:30]} O-O {[%clk
1:30:30]} 10. Re1 {[%clk 1:30:30]} Re8 {[%clk 1:30:30]} 11. d3 {[%clk 1:30:30]}
Bg4 {[%clk 1:30:30]} 12. h3 {[%clk 1:30:30]} Bh5 {[%clk 1:30:30]} 13. b3 {[%clk
1:30:30]} f5 {[%clk 1:30:30]} 14. Bb2 {[%clk 1:30:30]} c5 {[%clk 1:30:30]} 15.
Re3 {[%clk 1:30:30]} e4 {[%clk 1:30:30]} 16. dxe4 {[%clk 1:30:30]} fxe4 {[%clk
1:30:30]} 17. Qd5+ {[%clk 1:30:30]} Bf7 {[%clk 1:30:30]} 18. Qg5 {[%clk 1:30:30]}
Qxg5 {[%clk 1:30:30]} 19. Nxg5 {[%clk 1:30:30]} Bf4 {[%clk 1:30:30]} 20. Nxf7
{[%clk 1:30:30]} Bxe3 {[%clk 1:30:30]} 21. fxe3 {[%clk 1:30:30]} Kxf7 {[%clk
1:30:30]} 22. c4 {[%clk 1:30:30]} Rad8 {[%clk 1:30:30]} 23. Rf1+ {[%clk 1:30:30]}
Kg6 {[%clk 1:30:30]} 24. Bc1 {[%clk 1:30:30]} Rd3 {[%clk 1:30:30]} 25. Re1 {[%clk
1:30:30]} a5 {[%clk 1:30:30]} 26. Kf1 {[%clk 1:30:30]} a4 {[%clk 1:30:30]} 27.
Ba3 {[%clk 1:30:30]} Re5 {[%clk 1:30:30]} 28. Bb2 {[%clk 1:30:30]} Re6 {[%clk
1:30:30]} 29. Ke2 {[%clk 1:30:30]} axb3 {[%clk 1:30:30]} 30. axb3 {[%clk
1:30:30]} Rxb3 {[%clk 1:30:30]} 31. Ba1 {[%clk 1:30:30]} Ra6 {[%clk 1:30:30]} 32.
Be5 {[%clk 1:30:30]} Ra2+ {[%clk 1:30:30]} 33. Kf1 {[%clk 1:30:30]} c6 {[%clk
1:30:30]} 34. Ba1 {[%clk 1:30:30]} Rc2 {[%clk 1:30:30]} 0-1

[Event "8th Vellmar Chess Days"]
[Site "chess24.com"]
[Date "2016.07.28"]
[Round "1"]
[White "Helbing, Mathias"]
[Black "Flach, Helene"]
[Result "1-0"]
[Board "51"]
[WhiteElo "1947"]
[WhiteTeam "SK Gronau"]
[WhiteCountry "GER"]
[WhiteFideId "24608971"]
[WhiteEloChange "4"]
[BlackElo "1712"]
[BlackTeam "SK Langen"]
[BlackCountry "GER"]
[BlackFideId "12929735"]
[BlackEloChange "-4"]

1. Nf3 {[%clk 1:30:30]} d5 {[%clk 1:30:30]} 2. c4 {[%clk 1:30:30]} e6 {[%clk
1:30:30]} 3. b3 {[%clk 1:30:30]} Nf6 {[%clk 1:30:30]} 4. Bb2 {[%clk 1:30:30]} Be7
{[%clk 1:30:30]} 5. g3 {[%clk 1:30:30]} O-O {[%clk 1:30:30]} 6. Bg2 {[%clk
1:30:30]} b6 {[%clk 1:30:30]} 7. O-O {[%clk 1:30:30]} Nbd7 {[%clk 1:30:30]} 8. d4
{[%clk 1:30:30]} Bb7 {[%clk 1:30:30]} 9. e3 {[%clk 1:30:30]} Rc8 {[%clk 1:30:30]}
10. cxd5 {[%clk 1:30:30]} exd5 {[%clk 1:30:30]} 11. Ne5 {[%clk 1:30:30]} c5
{[%clk 1:30:30]} 12. dxc5 {[%clk 1:30:30]} bxc5 {[%clk 1:30:30]} 13. Nd2 {[%clk
1:30:30]} Re8 {[%clk 1:30:30]} 14. Ndf3 {[%clk 1:30:30]} Nf8 {[%clk 1:30:30]} 15.
Ng5 {[%clk 1:30:30]} Qb6 {[%clk 1:30:30]} 16. Ngxf7 {[%clk 1:30:30]} Ne6 {[%clk
1:30:30]} 17. Bh3 {[%clk 1:30:30]} h6 {[%clk 1:30:30]} 18. Qc2 {[%clk 1:30:30]}
Ne4 {[%clk 1:30:30]} 19. f3 {[%clk 1:30:30]} N4g5 {[%clk 1:30:30]} 20. Nxg5
{[%clk 1:30:30]} Bxg5 {[%clk 1:30:30]} 21. f4 {[%clk 1:30:30]} Bd8 {[%clk
1:30:30]} 22. Qg6 {[%clk 1:30:30]} Re7 {[%clk 1:30:30]} 23. Nf7 {[%clk 1:30:30]}
1-0

[Event "8th Vellmar Chess Days"]
[Site "chess24.com"]
[Date "2016.07.28"]
[Round "1"]
[White "Salecker, Phil"]
[Black "Kelm, Daniel"]
[Result "1-0"]
[Board "52"]
[WhiteElo "1704"]
[WhiteTeam "SC FK Babenhausen"]
[WhiteCountry "GER"]
[WhiteFideId "16216580"]
[WhiteEloChange "16"]
[BlackElo "1944"]
[BlackTeam "SC Norbertus Magdeburg"]
[BlackCountry "GER"]
[BlackFideId "12917095"]
[BlackEloChange "-16"]

1. c4 {[%clk 1:30:30]} Nf6 {[%clk 1:30:30]} 2. g3 {[%clk 1:30:30]} e6 {[%clk
1:30:30]} 3. Bg2 {[%clk 1:30:30]} d5 {[%clk 1:30:30]} 4. cxd5 {[%clk 1:30:30]}
exd5 {[%clk 1:30:30]} 5. d4 {[%clk 1:30:30]} c6 {[%clk 1:30:30]} 6. Nf3 {[%clk
1:30:30]} Bd6 {[%clk 1:30:30]} 7. O-O {[%clk 1:30:30]} Bf5 {[%clk 1:30:30]} 8.
Nc3 {[%clk 1:30:30]} Nbd7 {[%clk 1:30:30]} 9. Ng5 {[%clk 1:30:30]} O-O {[%clk
1:30:30]} 10. f3 {[%clk 1:30:30]} Bg6 {[%clk 1:30:30]} 11. e4 {[%clk 1:30:30]} h6
{[%clk 1:30:30]} 12. Nh3 {[%clk 1:30:30]} Be7 {[%clk 1:30:30]} 13. e5 {[%clk
1:30:30]} Ne8 {[%clk 1:30:30]} 14. f4 {[%clk 1:30:30]} f5 {[%clk 1:30:30]} 15.
Nf2 {[%clk 1:30:30]} Nc7 {[%clk 1:30:30]} 16. h4 {[%clk 1:30:30]} Ne6 {[%clk
1:30:30]} 17. h5 {[%clk 1:30:30]} Be8 {[%clk 1:30:30]} 18. g4 {[%clk 1:30:30]}
fxg4 {[%clk 1:30:30]} 19. Nxg4 {[%clk 1:30:30]} Bxh5 {[%clk 1:30:30]} 20. Nxh6+
{[%clk 1:30:30]} gxh6 {[%clk 1:30:30]} 21. Qxh5 {[%clk 1:30:30]} Kh7 {[%clk
1:30:30]} 22. f5 {[%clk 1:30:30]} Ng5 {[%clk 1:30:30]} 23. Qg6+ {[%clk 1:30:30]}
Kh8 {[%clk 1:30:30]} 24. Qxh6+ {[%clk 1:30:30]} Nh7 {[%clk 1:30:30]} 25. f6
{[%clk 1:30:30]} Nxf6 {[%clk 1:30:30]} 26. exf6 {[%clk 1:30:30]} Bxf6 {[%clk
1:30:30]} 27. Be3 {[%clk 1:30:30]} Qb6 {[%clk 1:30:30]} 28. Rab1 {[%clk 1:30:30]}
Rae8 {[%clk 1:30:30]} 29. Bf2 {[%clk 1:30:30]} Rg8 {[%clk 1:30:30]} 30. Qh3
{[%clk 1:30:30]} Re7 {[%clk 1:30:30]} 31. Kh1 {[%clk 1:30:30]} Reg7 {[%clk
1:30:30]} 32. Bf3 {[%clk 1:30:30]} Bxd4 {[%clk 1:30:30]} 33. Bxd4 {[%clk
1:30:30]} Qxd4 {[%clk 1:30:30]} 34. Ne2 {[%clk 1:30:30]} Qe3 {[%clk 1:30:30]} 35.
Rg1 {[%clk 1:30:30]} Rxg1+ {[%clk 1:30:30]} 36. Rxg1 {[%clk 1:30:30]} Rf8 {[%clk
1:30:30]} 37. Rg3 {[%clk 1:30:30]} Rf6 {[%clk 1:30:30]} 38. Rg8+ {[%clk 1:30:30]}
Kxg8 {[%clk 1:30:30]} 39. Bxd5+ {[%clk 1:30:30]} cxd5 {[%clk 1:30:30]} 40. Qxe3
{[%clk 1:30:30]} b6 {[%clk 1:30:30]} 41. Nc3 {[%clk 1:30:30]} Kf7 {[%clk
1:30:30]} 42. Nxd5 {[%clk 1:30:30]} Re6 {[%clk 1:30:30]} 43. Qf4+ {[%clk
1:30:30]} Kg6 {[%clk 1:30:30]} 44. Qg4+ {[%clk 1:30:30]} Ng5 {[%clk 1:30:30]} 45.
Nf4+ {[%clk 1:30:30]} 1-0

[Event "8th Vellmar Chess Days"]
[Site "chess24.com"]
[Date "2016.07.28"]
[Round "1"]
[White "Mueller, Tobias"]
[Black "Henkemeier, Michael"]
[Result "1-0"]
[Board "54"]
[WhiteElo "1672"]
[WhiteTeam "SK Gernsheim"]
[WhiteCountry "GER"]
[WhiteFideId "12947334"]
[WhiteEloChange "17"]
[BlackElo "1942"]
[BlackTeam "SK Werther"]
[BlackCountry "GER"]
[BlackFideId "24611379"]
[BlackEloChange "-17"]

1. d4 {[%clk 1:30:30]} d5 {[%clk 1:30:30]} 2. c4 {[%clk 1:30:30]} c6 {[%clk
1:30:30]} 3. Nf3 {[%clk 1:30:30]} Nf6 {[%clk 1:30:30]} 4. Nc3 {[%clk 1:30:30]}
dxc4 {[%clk 1:30:30]} 5. a4 {[%clk 1:30:30]} Bf5 {[%clk 1:30:30]} 6. Bg5 {[%clk
1:30:30]} Nbd7 {[%clk 1:30:30]} 7. e3 {[%clk 1:30:30]} Qa5 {[%clk 1:30:30]} 8.
Bxf6 {[%clk 1:30:30]} Nxf6 {[%clk 1:30:30]} 9. Nd2 {[%clk 1:30:30]} e6 {[%clk
1:30:30]} 10. Bxc4 {[%clk 1:30:30]} Bb4 {[%clk 1:30:30]} 11. Qc1 {[%clk 1:30:30]}
O-O {[%clk 1:30:30]} 12. O-O {[%clk 1:30:30]} Rad8 {[%clk 1:30:30]} 13. Nb3
{[%clk 1:30:30]} Qc7 {[%clk 1:30:30]} 14. Ne2 {[%clk 1:30:30]} Bd6 {[%clk
1:30:30]} 15. Ng3 {[%clk 1:30:30]} Bg6 {[%clk 1:30:30]} 16. Rd1 {[%clk 1:30:30]}
e5 {[%clk 1:30:30]} 17. Be2 {[%clk 1:30:30]} e4 {[%clk 1:30:30]} 18. Nd2 {[%clk
1:30:30]} Rfe8 {[%clk 1:30:30]} 19. Nc4 {[%clk 1:30:30]} Bxg3 {[%clk 1:30:30]}
20. hxg3 {[%clk 1:30:30]} Nd5 {[%clk 1:30:30]} 21. Ne5 {[%clk 1:30:30]} f6 {[%clk
1:30:30]} 22. Nxg6 {[%clk 1:30:30]} hxg6 {[%clk 1:30:30]} 23. Qc5 {[%clk
1:30:30]} a6 {[%clk 1:30:30]} 24. Rac1 {[%clk 1:30:30]} a5 {[%clk 1:30:30]} 25.
Bc4 {[%clk 1:30:30]} Qd7 {[%clk 1:30:30]} 26. Qxa5 {[%clk 1:30:30]} Ra8 {[%clk
1:30:30]} 27. Qb4 {[%clk 1:30:30]} Kh7 {[%clk 1:30:30]} 28. Bxd5 {[%clk 1:30:30]}
Qxd5 {[%clk 1:30:30]} 29. Rc5 {[%clk 1:30:30]} Qf7 {[%clk 1:30:30]} 30. b3 {[%clk
1:30:30]} g5 {[%clk 1:30:30]} 31. g4 {[%clk 1:30:30]} Kg6 {[%clk 1:30:30]} 32.
Rc3 {[%clk 1:30:30]} Rh8 {[%clk 1:30:30]} 33. Qc5 {[%clk 1:30:30]} Qc7 {[%clk
1:30:30]} 34. Qf5+ {[%clk 1:30:30]} Kf7 {[%clk 1:30:30]} 35. Qxe4 {[%clk
1:30:30]} Rae8 {[%clk 1:30:30]} 36. Qf3 {[%clk 1:30:30]} Rh4 {[%clk 1:30:30]} 37.
g3 {[%clk 1:30:30]} Rh3 {[%clk 1:30:30]} 38. Kf1 {[%clk 1:30:30]} Qa5 {[%clk
1:30:30]} 39. Rdc1 {[%clk 1:30:30]} Qa6+ {[%clk 1:30:30]} 40. Ke1 {[%clk
1:30:30]} Qb6 {[%clk 1:30:30]} 41. Kd2 {[%clk 1:30:30]} Reh8 {[%clk 1:30:30]} 42.
Kc2 {[%clk 1:30:30]} Qb4 {[%clk 1:30:30]} 43. Ra1 {[%clk 1:30:30]} Rh2 {[%clk
1:30:30]} 44. d5 {[%clk 1:30:30]} Rd8 {[%clk 1:30:30]} 45. dxc6 {[%clk 1:30:30]}
bxc6 {[%clk 1:30:30]} 46. a5 {[%clk 1:30:30]} c5 {[%clk 1:30:30]} 47. Ra4 {[%clk
1:30:30]} Qb5 {[%clk 1:30:30]} 48. Rcc4 {[%clk 1:30:30]} Qd7 {[%clk 1:30:30]} 49.
Qe2 {[%clk 1:30:30]} Qd5 {[%clk 1:30:30]} 50. e4 {[%clk 1:30:30]} Qe5 {[%clk
1:30:30]} 51. Rc3 {[%clk 1:30:30]} Rd4 {[%clk 1:30:30]} 52. Rac4 {[%clk 1:30:30]}
Rxc4 {[%clk 1:30:30]} 53. Qxc4+ {[%clk 1:30:30]} Kg6 {[%clk 1:30:30]} 54. Qe2
{[%clk 1:30:30]} Qc7 {[%clk 1:30:30]} 55. a6 {[%clk 1:30:30]} Qa5 {[%clk
1:30:30]} 56. Kb2 {[%clk 1:30:30]} Rh1 {[%clk 1:30:30]} 57. Rc1 {[%clk 1:30:30]}
Rh8 {[%clk 1:30:30]} 58. Ra1 {[%clk 1:30:30]} Qc7 {[%clk 1:30:30]} 59. e5 {[%clk
1:30:30]} Re8 {[%clk 1:30:30]} 60. Qe4+ {[%clk 1:30:30]} Kf7 {[%clk 1:30:30]} 61.
Qd5+ {[%clk 1:30:30]} Kg6 {[%clk 1:30:30]} 62. e6 {[%clk 1:30:30]} 1-0

[Event "8th Vellmar Chess Days"]
[Site "chess24.com"]
[Date "2016.07.28"]
[Round "1"]
[White "Krueger, Stefan"]
[Black "Helmer, Andreas"]
[Result "1-0"]
[Board "55"]
[WhiteElo "1936"]
[WhiteTeam "SF Leherheide"]
[WhiteCountry "GER"]
[WhiteFideId "12990418"]
[WhiteEloChange "3"]
[BlackElo "1630"]
[BlackTeam "Hamelner SV"]
[BlackCountry "GER"]
[BlackFideId "12956627"]
[BlackEloChange "-3"]

1. d4 {[%clk 1:30:30]} e6 {[%clk 1:30:30]} 2. c4 {[%clk 1:30:30]} d5 {[%clk
1:30:30]} 3. Nc3 {[%clk 1:30:30]} Nf6 {[%clk 1:30:30]} 4. Nf3 {[%clk 1:30:30]}
Be7 {[%clk 1:30:30]} 5. Bf4 {[%clk 1:30:30]} c6 {[%clk 1:30:30]} 6. e3 {[%clk
1:30:30]} Nbd7 {[%clk 1:30:30]} 7. Bd3 {[%clk 1:30:30]} dxc4 {[%clk 1:30:30]} 8.
Bxc4 {[%clk 1:30:30]} Nb6 {[%clk 1:30:30]} 9. Bd3 {[%clk 1:30:30]} Nbd5 {[%clk
1:30:30]} 10. Be5 {[%clk 1:30:30]} Qa5 {[%clk 1:30:30]} 11. O-O {[%clk 1:30:30]}
O-O {[%clk 1:30:30]} 12. Ne4 {[%clk 1:30:30]} h6 {[%clk 1:30:30]} 13. a3 {[%clk
1:30:30]} Qd8 {[%clk 1:30:30]} 14. Rc1 {[%clk 1:30:30]} Nxe4 {[%clk 1:30:30]} 15.
Bxe4 {[%clk 1:30:30]} Bd7 {[%clk 1:30:30]} 16. Bb1 {[%clk 1:30:30]} Be8 {[%clk
1:30:30]} 17. Qc2 {[%clk 1:30:30]} g6 {[%clk 1:30:30]} 18. Rfd1 {[%clk 1:30:30]}
Rc8 {[%clk 1:30:30]} 19. e4 {[%clk 1:30:30]} Nf6 {[%clk 1:30:30]} 20. Bf4 {[%clk
1:30:30]} Kg7 {[%clk 1:30:30]} 21. Ba2 {[%clk 1:30:30]} Nh7 {[%clk 1:30:30]} 22.
d5 {[%clk 1:30:30]} Qb6 {[%clk 1:30:30]} 23. d6 {[%clk 1:30:30]} Bg5 {[%clk
1:30:30]} 24. Bxg5 {[%clk 1:30:30]} Nxg5 {[%clk 1:30:30]} 25. Nxg5 {[%clk
1:30:30]} Bd7 {[%clk 1:30:30]} 26. Qc3+ {[%clk 1:30:30]} Kg8 {[%clk 1:30:30]} 27.
Nf3 {[%clk 1:30:30]} f6 {[%clk 1:30:30]} 28. b4 {[%clk 1:30:30]} a6 {[%clk
1:30:30]} 29. Qd4 {[%clk 1:30:30]} Qd8 {[%clk 1:30:30]} 30. h4 {[%clk 1:30:30]}
Kh7 {[%clk 1:30:30]} 31. e5 {[%clk 1:30:30]} f5 {[%clk 1:30:30]} 32. g3 {[%clk
1:30:30]} Qe8 {[%clk 1:30:30]} 33. Kg2 {[%clk 1:30:30]} Rg8 {[%clk 1:30:30]} 34.
Qb6 {[%clk 1:30:30]} Rb8 {[%clk 1:30:30]} 35. Nd4 {[%clk 1:30:30]} Qd8 {[%clk
1:30:30]} 36. Qxd8 {[%clk 1:30:30]} Rgxd8 {[%clk 1:30:30]} 37. Bxe6 {[%clk
1:30:30]} Kg7 {[%clk 1:30:30]} 38. Bxd7 {[%clk 1:30:30]} Rxd7 {[%clk 1:30:30]}
39. e6 {[%clk 1:30:30]} Rxd6 {[%clk 1:30:30]} 40. Nxf5+ {[%clk 1:30:30]} 1-0

[Event "8th Vellmar Chess Days"]
[Site "chess24.com"]
[Date "2016.07.29"]
[Round "2"]
[White "Buschle, Lukas"]
[Black "Meijers, Viesturs"]
[Result "0-1"]
[Board "1"]
[WhiteElo "2042"]
[WhiteCountry "GER"]
[WhiteFideId "12923931"]
[WhiteEloChange "-2"]
[BlackElo "2446"]
[BlackTitle "GM"]
[BlackCountry "LAT"]
[BlackFideId "11600314"]
[BlackEloChange "1"]

1. d4 {[%clk 1:30:57]} Nf6 {[%clk 1:25:27]} 2. c4 {[%clk 1:31:18]} e6 {[%clk
1:25:53]} 3. Nf3 {[%clk 1:31:40]} d5 {[%clk 1:25:29]} 4. Nc3 {[%clk 1:31:52]} Be7
{[%clk 1:25:55]} 5. Bg5 {[%clk 1:32:17]} O-O {[%clk 1:26:16]} 6. e3 {[%clk
1:32:40]} Nbd7 {[%clk 1:26:42]} 7. Rc1 {[%clk 1:31:51]} b6 {[%clk 1:27:07]} 8.
cxd5 {[%clk 1:31:42]} exd5 {[%clk 1:27:33]} 9. Be2 {[%clk 1:22:58]} Bb7 {[%clk
1:27:40]} 10. O-O {[%clk 1:23:12]} a6 {[%clk 1:27:56]} 11. Ne5 {[%clk 1:20:33]}
Re8 {[%clk 1:25:27]} 12. Nxd7 {[%clk 1:16:14]} Qxd7 {[%clk 1:24:30]} 13. Qc2
{[%clk 1:12:47]} Rac8 {[%clk 1:22:17]} 14. Bf3 {[%clk 1:09:49]} Ne4 {[%clk
1:20:13]} 15. Bxe7 {[%clk 1:08:58]} Rxe7 {[%clk 1:20:37]} 16. Rcd1 {[%clk
0:57:20]} Rd8 {[%clk 1:18:11]} 17. h3 {[%clk 0:34:33]} h6 {[%clk 1:13:58]} 18.
Ne2 {[%clk 0:31:10]} Qd6 {[%clk 1:10:39]} 19. Nf4 {[%clk 0:29:56]} Ng5 {[%clk
1:09:42]} 20. Bg4 {[%clk 0:27:32]} c5 {[%clk 1:09:25]} 21. dxc5 {[%clk 0:25:20]}
bxc5 {[%clk 1:09:37]} 22. Rc1 {[%clk 0:22:27]} Rc7 {[%clk 1:07:58]} 23. Rfd1
{[%clk 0:21:37]} d4 {[%clk 1:07:49]} 24. Rxd4 {[%clk 0:19:06]} cxd4 {[%clk
1:06:41]} 25. Qxc7 {[%clk 0:19:30]} dxe3 {[%clk 1:07:03]} 26. Qxd6 {[%clk
0:15:00]} exf2+ {[%clk 1:06:52]} 27. Kxf2 {[%clk 0:15:20]} Rxd6 {[%clk 1:06:59]}
28. Ke3 {[%clk 0:13:38]} g6 {[%clk 1:05:08]} 29. h4 {[%clk 0:12:10]} Nh7 {[%clk
1:03:00]} 30. Bf3 {[%clk 0:09:59]} Bxf3 {[%clk 1:03:17]} 31. Kxf3 {[%clk
0:10:13]} Nf6 {[%clk 1:03:14]} 32. Rc3 {[%clk 0:06:10]} Kg7 {[%clk 1:02:22]} 33.
Nd3 {[%clk 0:02:47]} g5 {[%clk 1:01:39]} 34. hxg5 {[%clk 0:03:13]} hxg5 {[%clk
1:02:04]} 35. Nf2 {[%clk 0:02:17]} Rb6 {[%clk 0:59:17]} 36. Rb3 {[%clk 0:01:28]}
Rxb3+ {[%clk 0:57:05]} 37. axb3 {[%clk 0:01:57]} Kg6 {[%clk 0:57:29]} 38. Nd3
{[%clk 0:02:07]} Kf5 {[%clk 0:56:34]} 39. Nc5 {[%clk 0:01:02]} g4+ {[%clk
0:56:58]} 40. Ke2 {[%clk 0:00:50]} a5 {[%clk 0:56:07]} 41. Nb7 {[%clk 0:28:28]}
Kf4 {[%clk 1:25:28]} 42. Nxa5 {[%clk 0:24:04]} Kg3 {[%clk 1:25:44]} 43. Kf1
{[%clk 0:17:35]} Nd5 {[%clk 1:25:48]} 44. Nc4 {[%clk 0:14:21]} Kh2 {[%clk
1:23:04]} 45. Kf2 {[%clk 0:09:15]} f5 {[%clk 1:23:01]} 46. Nd6 {[%clk 0:07:36]}
f4 {[%clk 1:22:48]} 47. Nc4 {[%clk 0:06:30]} f3 {[%clk 1:18:05]} 48. g3 {[%clk
0:05:44]} Nf4 {[%clk 1:18:09]} 49. Ne5 {[%clk 0:03:57]} Nh3+ {[%clk 1:18:06]} 50.
Kf1 {[%clk 0:04:24]} Kxg3 {[%clk 1:18:26]} 51. b4 {[%clk 0:04:13]} Nf4 {[%clk
1:18:48]} 52. b5 {[%clk 0:03:51]} Nd5 {[%clk 1:19:07]} 53. Nc4 {[%clk 0:04:20]}
Kh2 {[%clk 1:14:30]} 54. Ne5 Kg3 {[%clk 1:04:48]} 55. Nc4 Kh3 {[%clk 1:04:36]}
56. Ne5 Ne3+ {[%clk 1:04:58]} 57. Kf2 Nd1+ {[%clk 1:04:50]} 58. Kf1 f2 {[%clk
0:51:23]} 59. Nd3 g3 {[%clk 0:51:21]} 60. Nf4+ Kg4 {[%clk 0:51:35]} 61. Ng2 Kf3
{[%clk 0:51:35]} 62. Nh4+ Ke4 {[%clk 0:51:35]} 63. Ng2 Ne3+ {[%clk 0:51:54]} 64.
Nxe3 Kxe3 {[%clk 0:51:54]} 65. b6 Kf3 {[%clk 0:52:11]} 66. b7 g2# {[%clk
0:52:11]} 0-1